Statistiche per Comuni della Provincia di Pescara

Clicka qui per fare il quiz!

Statistiche generali

  • Questo quiz è stato fatto 20 volte
  • Il punteggio medio è 21 su 46

Statistiche sulle risposte

Risposta% Corretto
Montesilvano
92%
Pescara
92%
Penne
75%
Scafa
75%
Spoltore
75%
Manoppello
67%
Pianella
67%
Torre de' Passeri
67%
Abbateggio
58%
Alanno
58%
Bolognano
58%
Cepagatti
58%
Città Sant'Angelo
58%
Elice
58%
Farindola
58%
Lettomanoppello
58%
Moscufo
58%
Popoli
58%
San Valentino in Abruzzo Citerione
58%
Bussi sul Tirino
50%
Cappelle sul Tavo
50%
Caramanico Terme
50%
Nocciano
50%
Picciano
50%
Rosciano
50%
Tocco da Casauria
50%
Collecorvino
42%
Loreto Aprutino
42%
Vicoli
42%
Catignano
33%
Cugnoli
33%
Turrivalignani
33%
Villa Celiera
33%
Carpineto della Nora
25%
Castiglione a Casauria
25%
Civitaquana
25%
Civitella Casanova
25%
Corvara
25%
Montebello di Bertona
25%
Pietranico
25%
Salle
25%
Serramonacesca
25%
Brittoli
17%
Pescosansonesco
17%
Roccamorice
17%
Sant'Eufemia a Maiella
8%

Distribuzione punteggi

Percentile per numero di risposta

Percentuale di utenti per punteggio

I tuoi punteggi nel tempo

Non hai fatto questo quiz